000 00954nam a2200265 a 4500
001 000040758
003 OSt
005 20260321073643.0
008 130906s2013 dr ac r 001 pdspa d
020 _a9789945481426
040 _aDO-SdBNP
_bspa
_cBNPHU
082 _aRD861.44
_bR789u
100 1 _aRosario Brito, Ramón Enrique,
_d1963-
_965438
245 1 3 _aUn canto al profesor Juan Bosch :
_bhacedor de huellas /
_cRamón Enrique Rosario Brito.
260 _aSanto Domingo :
_bCentenario SRL,
_c2013.
300 _a69 p. :
_bil., retrs. ;
_c21 cm.
500 _aIncluye datos biográficos del autor en la portada de la contracubierta
590 _aLa biblioteca posee tres ejemplares autografiados por el autor.
590 _aInventariado, 2020/BT
600 1 0 _a Bosch, Juan,
_d1909-2001
_976555
650 1 4 _aPoesía dominicana
_966
650 1 0 _aLiteratura dominicana.
_967
910 _aValidado. Control de calidad. EMS
942 _2ddc
_cLBS1
999 _c40248
_d40248